Statistiques concernant Trouve les paroles - For me Formidable - Charles Aznavour

Cliquez ici pour prendre le quiz!

Statistiques générales

  • Ce quiz a été pris 98 fois
  • Le résultat moyen est 136 sur 180

Statistiques - réponses

Réponse% Correct
for
100%
For
100%
me
100%
À
99%
à
99%
formidable
99%
Formidable
99%
you
97%
You
97%
are
96%
de
93%
je
93%
Je
93%
on
93%
Véritable
93%
Et
92%
et
92%
la
92%
love
92%
te
92%
Te
92%
dans
91%
Dans
91%
langue
91%
le
91%
very
91%
My
89%
my
89%
one
89%
the
89%
dire
88%
l'écrire
85%
Shakespeare
85%
en
84%
I
80%
voudrais
80%
Molière
77%
tout
76%
un
75%
pouvoir
73%
enfin
71%
jour
71%
pour
69%
ton
69%
c'est
68%
Darling
68%
peu
68%
près
68%
want
68%
ta
65%
si
64%
Si
64%
Toi
64%
puis
63%
can
61%
Ne
61%
Désirable
60%
tes
60%
daisy
59%
mots
57%
air
56%
Avec
56%
qui
56%
t'offrir
56%
cadeau
55%
canaille
55%
Canaille
55%
plaire
55%
demande
53%
how
53%
How
53%
même
53%
moi
53%
Pourquoi
53%
t'aime
53%
mon
52%
suis
52%
minable
51%
fout
49%
vocabulaire
49%
D'avoir
48%
ferais
48%
see
48%
s'en
48%
pas
47%
Tu
45%
Adorables
44%
nez
44%
reste
44%
t'en
44%
But
43%
malheureux
43%
mes
43%
mieux
43%
yeux
43%
moques
41%
bras
40%
choisir
40%
fais
40%
tant
40%
d'aller
39%
bouche
37%
pis
37%
compris
35%
n'as
35%
Viens-t'en
27%
Chérie
8%

Distribution des résultats

Percentile par nombre de réponses

% des personnes avec chaque résultat

Votre développement - résultats

Vous n’avez pas pris ce quiz